| 000 | 00702cam a22002294a 4500 | ||
|---|---|---|---|
| 999 |
_c7533 _d7533 |
||
| 003 | OSt | ||
| 005 | 20200312081125.0 | ||
| 008 | 011005s2002 nyua 001 0 eng | ||
| 020 | _a1568983301 (hardcover) | ||
| 040 |
_aDLC _cDLC _dDLC |
||
| 082 | 0 | 0 |
_a690 _221 _bLYA |
| 100 | 1 | _aLyall, Sutherland. | |
| 245 | 1 | 0 |
_aRemarkable structures : _bengineering today's innovative buildings / _cSutherland Lyall. |
| 260 |
_aNew York : _bPrinceton Architectural Press, _c2002. |
||
| 300 |
_a224 p. : _bill. (some col.) ; _c30 cm. |
||
| 500 | _aIncludes index. | ||
| 650 | 0 | _aBuilding. | |
| 650 | 0 | _aStructural engineering. | |
| 650 | 0 | _aArchitectural firms. | |
| 650 | 0 |
_aBuildings _vCase studies. |
|
| 942 | _2ddc | ||